Cosas de Juan José (1998-2003) / (Record no. 185187)

MARC details
000 -LEADER
campo de control de longitud fija 00990nam a2200265 i 4500
001 - NÚMERO DE CONTROL
campo de control 185187
003 - IDENTIFICADOR DE NÚMERO DE CONTROL
campo de control SpMaBN
005 - FECHA Y HORA DE LA ÚLTIMA TRANSACCIÓN
campo de control 20231129120633.0
008 - DATOS DE LONGITUD FIJA--INFORMACIÓN GENERAL
campo de control de longitud fija 160405s2006 sp aco |||| |bspa d
080 ## - NÚMERO DE LA CLASIFICACIÓN DECIMAL UNIVERSAL
Número de la Clasificación Decimal Universal 821.134.2-92"19"
080 ## - NÚMERO DE LA CLASIFICACIÓN DECIMAL UNIVERSAL
Número de la Clasificación Decimal Universal 94(460.33 Cieza)"19"
100 1# - ENTRADA PRINCIPAL--NOMBRE DE PERSONA
Nombre de persona Avellán, Juan José.
9 (RLIN) 159296
245 10 - MENCIÓN DEL TÍTULO
Título Cosas de Juan José (1998-2003) /
Mención de responsabilidad, etc. Juan José Avellán Semitiel.
250 ## - MENCION DE EDICION
Mención de edición 1ª ed.
260 ## - PUBLICACIÓN, DISTRIBUCIÓN, ETC.
Lugar de publicación, distribución, etc. Cieza (Murcia) :
Nombre del editor, distribuidor, etc. Centro de Estudios Históricos Fray Pasqual Salmerón,
Fecha de publicación, distribución, etc. 2006.
300 ## - DESCRIPCIÓN FÍSICA
Extensión 275 p. :
Otras características físicas il., fot. ;
Dimensiones 23 cm.
650 04 - PUNTO DE ACCESO ADICIONAL DE MATERIA--TÉRMINO DE MATERIA
Término de materia o nombre geográfico como elemento de entrada Artículos periodísticos.
9 (RLIN) 10351
651 #4 - PUNTO DE ACCESO ADICIONAL DE MATERIA--NOMBRE GEOGRÁFICO
Nombre geográfico Cieza (Murcia)-
Subdivisión general Historia.
9 (RLIN) 159297
710 2# - ENTRADA AGREGADA--NOMBRE DE ENTIDAD CORPORATIVA
Nombre de entidad corporativa o nombre de jurisdicción como elemento de entrada Centro de Estudios Históricos Fray Pascual Salmerón.
9 (RLIN) 159298
852 ## - LOCALIZACIÓN
Ubicación ES-MaACL
Número de control de estantería A-13684
itemnumber 192207
Sublocalización o colección R.150915
Ubicación en estantería Depósito 1
Signatura antigua Olim: N-6684
Donativo/Legado Donación: Juan José Avellan Semitiel
903 ## - NOMBRE PERSONAL DE DONANTE
9 159296
a Avellán, Juan José
e Donante
942 ## - ELEMENTOS DE ENTRADA SECUNDARIOS (KOHA)
Fuente del sistema de clasificación o colocación Clasificación decimal universal
Tipo de ítem Koha Libro impreso
Holdings
Estatus retirado Estado de pérdida Fuente del sistema de clasificación o colocación Estado de daño No para préstamo Biblioteca de origen Biblioteca actual Ubicación en estantería Fecha de adquisición Fuente de adquisición Total de préstamos Signatura topográfica completa Código de barras Visto por última vez Precio de reemplazo Tipo de ítem Koha
    Clasificación decimal universal     Biblioteca del Ateneo de Madrid Biblioteca del Ateneo de Madrid Depósito 1 05/04/2016 Donación   A-13684 1195072 23/02/2023 23/02/2023 Libro impreso